000 01452nac a22003017a 4500
003 Co-PeBPM
005 20240716161436.0
007 ta
008 240716s2009 ck a|||| |||| 00| 0 spa d
020 _a9789586993135
040 _aCo-PeBPM
_bspa
_cCo-PeBPM
_erda
082 0 4 _a519 A796a
_222
100 1 _aArya, Jagdish C.
_eautor
245 1 4 _aMatemáticas aplicadas a la administración y a la economía
_c/ Jagdish C. Arya, Robin W. Lardner; Colaboración y traducción Víctor Hugo Ibarra Mercado
250 _aQuinta edición
260 _aMéxico
_b: Pearson Educación,
_c2009
300 _axiv, 818 págjinas
_bilustraciones, figuras en blanco y negro
_c25 centímetros
500 _aIncluye índice y apéndices
520 _aLa nueva edición de esta prestigiosa obra conserva y refuerza la orientación de las aplicaciones a la administración y la economía, sin descuidar aplicaciones generales a otras áreas, como ciencias sociales, biológicas y físicas, con el propósito de que la obra siga siendo una herramienta útil para una amplia gama de estudiantes.
650 1 4 _aMatemáticas financieras
_2Lemb
650 1 4 _aAnálisis matemático
_2Lemb
650 1 4 _aEconomía matemática
_2Lemb
650 1 4 _aMatemáticas para administradores
_2Lemb
700 _aLardner, Robin W.
_ecoautor
700 _aIbarra Mercado, Víctor Hugo
_etraducción
942 _2ddc
_cBK
_n0
999 _c59350
_d59350